Vplyv reaktívnych aditív na biodegradovateľné materiály z obnoviteľných zdrojov surovín

Salvato in:
Dettagli Bibliografici
Autore principale: Džuganová, Michaela (Autore)
Altri autori: Omaníková, Leona (Relatore della tesi)
Natura: Manoscritto Libro
Lingua:slovacco
Pubblicazione: 2020
Soggetti:
Accesso online:http://is.stuba.sk/zp/portal_zp.pl?podrobnosti=144908
Tags: Aggiungi Tag
Nessun Tag, puoi essere il primo ad aggiungerne!!

MARC

LEADER 00000ntm a22000003a 4500
001 stuzp78517
003 SK-STU
005 20200718210947.3
007 ta
008 150427s2015----xo-----f-mn---000-0-slo-d
040 |a STU  |b slo 
041 0 |a slo 
100 1 |a Džuganová, Michaela  |u 049370  |4 aut  |U FCHPT Ústav prírodných a syntetických polymérov  |T FCHPT Oddelenie plastov, kaučuku a vlákien  |X 88466  |U C9370  |Y 128  |7 88466 
242 0 1 |a Influence of Reactive Additives on Biodegradable Materials from Renewable Resources  |y eng 
245 1 0 |a Vplyv reaktívnych aditív na biodegradovateľné materiály z obnoviteľných zdrojov surovín 
260 |c 2020 
650 4 |a kyselina citrónová  |2 slo 
650 4 |a biodegradovateľné polyméry  |2 slo 
650 4 |a zmäkčovadlo  |2 slo 
650 4 |a polyhydroxybutyrát  |2 slo 
650 4 |a kyselina polymliečna  |2 slo 
650 4 |a polylactic acid  |2 eng 
650 4 |a biodegradable polymers  |2 eng 
650 4 |a citric acid  |2 eng 
650 4 |a plasticizer  |2 eng 
650 4 |a polyhydroxybutyrate  |2 eng 
700 1 |a Omaníková, Leona  |u 049370  |k Z2  |4 ths  |U FCHPT Ústav prírodných a syntetických polymérov  |T FCHPT Oddelenie plastov, kaučuku a vlákien  |X 40715  |U C9370  |Y 128  |7 A00000040715 
856 4 |u http://is.stuba.sk/zp/portal_zp.pl?podrobnosti=144908